[Event "DEM U18 2003"]
[Site "Willingen GER"]
[Date "2003.06.14"]
[Round "9"]
[White "Schnock, Stefan"]
[Black "Rezasade, Amir"]
[Result "0-1"]
[Termination "normal"]
[Board "14"]
[WhiteElo "2037"]
[BlackElo "2103"]
[PlyCount "66"]
[WhiteFideId "4696646"]
[BlackFideId "4692950"]
[EventCountry "GER"]
[EventRounds "9"]
[EventType "swiss"]
[EventDate "2003.06.07"]

1. e4 c5 2. Nf3 e6 3. d4 cxd4 4. Nxd4 Nf6 5. Nc3 Nc6 6. Nxc6 bxc6 7. e5 Nd5 8.
Ne4 Ba6 9. c4 Bb4+ 10. Bd2 Qh4 11. Qf3 f5 12. exf6 Bxd2+ 13. Nxd2 Nxf6 14. Bd3
O-O 15. O-O d5 16. Rac1 e5 17. Qg3 Qxg3 18. hxg3 e4 19. Bc2 Ng4 20. f3 e3 21.
Nb3 Ne5 22. Na5 Nxc4 23. Bd3 Nxa5 24. Bxa6 Rab8 25. Rc5 Nc4 26. Bxc4 dxc4 27.
Rb1 Rfd8 28. Kf1 Rd2 29. Rxc4 Rf2+ 30. Kg1 Rbxb2 31. Rxb2 Rxb2 32. Rxc6 Rb1+
33. Kh2 e2 0-1

[Event "DEM U18w 2003"]
[Site "Willingen GER"]
[Date "2003.06.08"]
[Round "1"]
[White "Morgenstern, Petra"]
[Black "Thiery, Jennifer"]
[Result "1-0"]
[Termination "normal"]
[Board "1"]
[WhiteElo "2119"]
[BlackElo "1738"]
[PlyCount "81"]
[WhiteFideId "4690710"]
[EventCountry "GER"]
[EventRounds "9"]
[EventType "swiss"]
[EventDate "2003.06.07"]

1. d4 d5 2. c4 c6 3. Nf3 Nf6 4. e3 e6 5. Nc3 Nbd7 6. Bd3 dxc4 7. Bxc4 b5 8. Bd3
a6 9. a4 Bb7 10. O-O Bd6 11. e4 e5 12. Bg5 O-O 13. Rc1 exd4 14. Nxd4 h6 15. Be3
Ne5 16. Be2 Ng6 17. f3 Rc8 18. Nf5 Bb8 19. Qb3 Qa5 20. axb5 cxb5 21. Rfd1 Rcd8
22. Nd5 Nxd5 23. exd5 Nf4 24. Ne7+ Kh8 25. Bf1 Bd6 26. Nc6 Bxc6 27. Rxc6 Ng6
28. Bb6 Qb4 29. Qxb4 Bxb4 30. Bxd8 Rxd8 31. Rxa6 Bc5+ 32. Kh1 b4 33. Rc6 Be7
34. d6 Bf6 35. d7 Ne7 36. Rb6 Bxb2 37. Rxb4 Bf6 38. Rc4 Kg8 39. g3 Kf8 40. Bh3
Be5 41. Rdc1 1-0

[Event "DEM U18w 2003"]
[Site "Willingen GER"]
[Date "2003.06.08"]
[Round "1"]
[White "Mass, Elvira"]
[Black "Seeger, Franziska"]
[Result "1/2-1/2"]
[Termination "normal"]
[Board "2"]
[WhiteElo "1733"]
[BlackElo "2117"]
[PlyCount "112"]
[WhiteFideId "4695623"]
[BlackFideId "4690982"]
[EventCountry "GER"]
[EventRounds "9"]
[EventType "swiss"]
[EventDate "2003.06.07"]

1. e4 e5 2. Nf3 Nc6 3. d4 exd4 4. Nxd4 Nf6 5. Nxc6 bxc6 6. Bd3 d5 7. e5 Ng4 8.
O-O Bc5 9. Qe2 Qe7 10. Bf4 g5 11. Bd2 Nxe5 12. Re1 Nxd3 13. Qxd3 Be6 14. b4 Bd6
15. h4 h6 16. Bc3 Rg8 17. Qh7 Kd7 18. h5 Bxb4 19. Qxh6 Bxc3 20. Nxc3 Rh8 21.
Qg7 Rxh5 22. Ne2 Rah8 23. Ng3 R5h7 24. Qd4 f5 25. f3 Qd6 26. Kf2 a5 27. Re5 f4
28. Nf1 c5 29. Qa4+ c6 30. Rae1 Re8 31. Qxa5 Rhe7 32. Qa7+ Kd8 33. Qa8+ Bc8 34.
Rxe7 Rxe7 35. Rxe7 Qxe7 36. Qxc6 d4 37. Qd5+ Ke8 38. Qg8+ Kd7 39. Qd5+ Kc7 40.
g3 Ba6 41. Qe4 Qxe4 42. fxe4 Kd6 43. Nd2 d3 44. cxd3 Bxd3 45. Nf3 c4 46. e5+
Kd5 47. e6 fxg3+ 48. Kxg3 Kxe6 49. Nxg5+ Kf5 50. Nf3 c3 51. Ne1 Ke4 52. Kf2 Bb5
53. Nc2 Kd3 54. Nb4+ Kd2 55. Kf3 Ba4 56. Kf2 Kc1 1/2-1/2

[Event "DEM U18w 2003"]
[Site "Willingen GER"]
[Date "2003.06.08"]
[Round "1"]
[White "Czäczine, Anne"]
[Black "Auburger, Kristin"]
[Result "1-0"]
[Termination "normal"]
[Board "3"]
[WhiteElo "2072"]
[BlackElo "1728"]
[PlyCount "93"]
[WhiteFideId "4679326"]
[BlackFideId "24620726"]
[EventCountry "GER"]
[EventRounds "9"]
[EventType "swiss"]
[EventDate "2003.06.07"]

1. e4 d5 2. exd5 Qxd5 3. Nc3 Qa5 4. d4 Nf6 5. Bc4 Bf5 6. Bd2 c6 7. Nf3 e6 8.
Qe2 Qc7 9. O-O Be7 10. Ne5 Nbd7 11. Bf4 Bd6 12. h3 Bxe5 13. Bxe5 Nxe5 14. dxe5
Nd5 15. Bxd5 exd5 16. b4 a6 17. a4 O-O 18. g4 Bd7 19. a5 Rfe8 20. f4 f6 21.
Rae1 b6 22. Qf2 bxa5 23. Qc5 Qa7 24. Qxa7 Rxa7 25. bxa5 fxe5 26. fxe5 Rb7 27.
Rf4 Bc8 28. Kf2 Rbe7 29. Rb4 Rxe5 30. Rxe5 Rxe5 31. Rb8 Re8 32. Na4 Rf8+ 33.
Kg2 Bd7 34. Rb6 Ra8 35. Nc5 Bc8 36. Rxc6 Rb8 37. Rd6 Bb7 38. Rb6 Rc8 39. Nxb7
Rxc2+ 40. Kg3 d4 41. Rxa6 d3 42. Rd6 d2 43. a6 Ra2 44. Nc5 Ra5 45. Rxd2 Rxc5
46. a7 Rc8 47. Rb2 1-0

[Event "DEM U18w 2003"]
[Site "Willingen GER"]
[Date "2003.06.08"]
[Round "1"]
[White "Bloß, Steffi"]
[Black "Fey, Franziska"]
[Result "1-0"]
[Termination "normal"]
[Board "4"]
[WhiteElo "1710"]
[BlackElo "2045"]
[PlyCount "111"]
[BlackFideId "4672992"]
[EventCountry "GER"]
[EventRounds "9"]
[EventType "swiss"]
[EventDate "2003.06.07"]

1. d4 Nf6 2. c4 g6 3. Nc3 Bg7 4. e4 d6 5. f3 O-O 6. Be3 e5 7. d5 c6 8. Bd3 cxd5
9. cxd5 Na6 10. Nge2 Nh5 11. O-O f5 12. exf5 gxf5 13. Qd2 Rf7 14. Rac1 Bd7 15.
a3 Bf6 16. Qc2 Be7 17. Qb3 Bc8 18. Nb5 Rg7 19. Nxa7 Bg5 20. Bxa6 bxa6 21. Rxc8
Rxc8 22. Nxc8 Bxe3+ 23. Qxe3 Qxc8 24. Qh6 Qc5+ 25. Kh1 Nf4 26. Nxf4 exf4 27.
Qxf4 Qxd5 28. Qa4 h6 29. Qxa6 Qd2 30. Qc8+ Kh7 31. Qxf5+ Kh8 32. g3 Qxb2 33.
Qf8+ Kh7 34. Qxd6 Qe2 35. Qd1 Qe3 36. Qb1+ Kh8 37. Qc1 Qe6 38. Re1 Qf6 39. Re8+
Kh7 40. Qc2+ Rg6 41. Re3 h5 42. Qc3 Qd6 43. Qd3 Qf6 44. Re1 Kh8 45. Qd5 Rg5 46.
Re8+ Kh7 47. Qd3+ Rg6 48. Rb8 h4 49. Rb7+ Kh8 50. Qe4 Qa1+ 51. Rb1 Qxa3 52.
Qxh4+ Kg8 53. Rb8+ Kf7 54. Qh7+ Kf6 55. Rb6+ Ke5 56. Qh5+ 1-0

[Event "DEM U18w 2003"]
[Site "Willingen GER"]
[Date "2003.06.08"]
[Round "1"]
[White "Schöne, Maria"]
[Black "Köditz, Katja"]
[Result "1-0"]
[Termination "normal"]
[Board "5"]
[WhiteElo "2029"]
[BlackElo "1681"]
[PlyCount "71"]
[WhiteFideId "4681410"]
[EventCountry "GER"]
[EventRounds "9"]
[EventType "swiss"]
[EventDate "2003.06.07"]

1. e4 Nf6 2. e5 Nd5 3. c4 Nb6 4. d4 d6 5. exd6 exd6 6. h3 Be7 7. Nf3 Bf5 8. Be2
Bf6 9. O-O O-O 10. Nc3 Nc6 11. a3 Ne7 12. g4 Be6 13. g5 Bxd4 14. Nxd4 Bxh3 15.
Re1 Qd7 16. Bf4 Ng6 17. Bg3 f6 18. gxf6 Rxf6 19. Ne4 Rff8 20. Ng5 Nf4 21. Nxh3
Nxh3+ 22. Kf1 Qf7 23. Nf3 g5 24. Qd4 Qh5 25. Ng1 Qh6 26. Nxh3 Qxh3+ 27. Kg1 Qh6
28. Bg4 Rae8 29. b3 Qg6 30. Re3 h5 31. Bh3 g4 32. Bg2 Rb8 33. Rae1 Rfd8 34. Re7
Rd7 35. Rxd7 Nxd7 36. Bd5+ 1-0

[Event "DEM U18w 2003"]
[Site "Willingen GER"]
[Date "2003.06.08"]
[Round "1"]
[White "Zabarska, Natalia"]
[Black "Beltz, Franziska"]
[Result "1-0"]
[Termination "normal"]
[Board "6"]
[WhiteElo "1663"]
[BlackElo "2010"]
[PlyCount "57"]
[WhiteFideId "24608009"]
[BlackFideId "4681401"]
[EventCountry "GER"]
[EventRounds "9"]
[EventType "swiss"]
[EventDate "2003.06.07"]

1. e4 c5 2. Nc3 d6 3. d3 Nc6 4. f4 e6 5. Nf3 g6 6. g3 Bg7 7. Bg2 Nge7 8. O-O
O-O 9. Bd2 Rb8 10. g4 f5 11. g5 b6 12. h4 e5 13. Nh2 exf4 14. Bxf4 Ne5 15. Bh3
d5 16. Qe2 fxe4 17. Bxc8 Rxc8 18. dxe4 d4 19. Bxe5 Bxe5 20. Qc4+ Kh8 21. Rxf8+
Qxf8 22. Rf1 Qd8 23. Ne2 Bxh2+ 24. Kxh2 Qd6+ 25. Ng3 Nc6 26. Qf7 Qe5 27. Rf6
Qc7 28. Qe6 Nd8 29. Qe8+ 1-0

[Event "DEM U18w 2003"]
[Site "Willingen GER"]
[Date "2003.06.08"]
[Round "1"]
[White "Häcker, Sonja"]
[Black "Brethauer, Sarah"]
[Result "1-0"]
[Termination "normal"]
[Board "7"]
[WhiteElo "2002"]
[BlackElo "1646"]
[PlyCount "81"]
[WhiteFideId "4680928"]
[BlackFideId "24605220"]
[EventCountry "GER"]
[EventRounds "9"]
[EventType "swiss"]
[EventDate "2003.06.07"]

1. e4 c5 2. Nf3 d6 3. d4 cxd4 4. Nxd4 Nf6 5. Nc3 g6 6. Be2 Bg7 7. Be3 O-O 8.
Qd2 Nc6 9. f3 Bd7 10. O-O Rc8 11. Rac1 Ne5 12. Nd1 d5 13. Bf4 Nc6 14. Nxc6 Bxc6
15. e5 Nd7 16. Bh6 Nxe5 17. Bxg7 Kxg7 18. f4 Qb6+ 19. Kh1 Nd7 20. f5 Nf6 21.
Bd3 e5 22. fxe6 fxe6 23. Qe2 Rce8 24. Qe5 Re7 25. Ne3 Qc7 26. Qd4 e5 27. Qh4 e4
28. Be2 Ref7 29. c3 Qd7 30. Rcd1 Bb5 31. c4 Ba6 32. Rd4 Qe7 33. h3 dxc4 34.
Bxc4 Bxc4 35. Rxc4 Kg8 36. Rfc1 Qe5 37. R4c2 Nd5 38. Rc5 Rd7 39. Rd1 Rfd8 40.
Rdxd5 Rxd5 41. Qxd8+ 1-0

[Event "DEM U18w 2003"]
[Site "Willingen GER"]
[Date "2003.06.08"]
[Round "1"]
[White "Becker, Natalie"]
[Black "Horstmann, Astrid"]
[Result "0-1"]
[Termination "normal"]
[Board "8"]
[WhiteElo "1597"]
[BlackElo "1993"]
[PlyCount "80"]
[BlackFideId "4698584"]
[EventCountry "GER"]
[EventRounds "9"]
[EventType "swiss"]
[EventDate "2003.06.07"]

1. c4 c5 2. g3 Nf6 3. Bg2 d5 4. cxd5 Nxd5 5. Nc3 Nc7 6. Nf3 Nc6 7. O-O e5 8. d3
Be7 9. Nd2 Be6 10. Nc4 f6 11. b3 O-O 12. Ne3 Qd7 13. Re1 Rac8 14. Bb2 Rfd8 15.
Qc2 b6 16. Red1 Nd4 17. Qd2 Ncb5 18. Nc4 Nxc3 19. Bxc3 Bd5 20. Bxd5+ Qxd5 21.
Ne3 Qd7 22. Rac1 Nc6 23. Nc2 Qe6 24. Qe1 Rc7 25. Rd2 Rcd7 26. Rcd1 Nd4 27. Ne3
f5 28. Rb2 f4 29. Nc2 fxg3 30. hxg3 Rd6 31. Ne3 Qh3 32. Qf1 Qh5 33. Nc4 Rh6 34.
Qg2 Nxe2+ 35. Rxe2 Qxe2 36. Re1 Qxd3 37. Bxe5 Re6 38. Qf1 Qxf1+ 39. Rxf1 Bf6
40. Bf4 Re2 0-1

[Event "DEM U18w 2003"]
[Site "Willingen GER"]
[Date "2003.06.08"]
[Round "1"]
[White "Blodig, Carolin"]
[Black "Lunz, Pia"]
[Result "1-0"]
[Termination "normal"]
[Board "9"]
[WhiteElo "1946"]
[BlackElo "1593"]
[PlyCount "59"]
[WhiteFideId "4692012"]
[EventCountry "GER"]
[EventRounds "9"]
[EventType "swiss"]
[EventDate "2003.06.07"]

1. e4 e6 2. d4 d5 3. e5 c5 4. c3 Nc6 5. Nf3 Qb6 6. a3 cxd4 7. cxd4 Nge7 8. b4
Nf5 9. Be3 Nxe3 10. fxe3 Bd7 11. Bd3 Be7 12. O-O O-O 13. Nc3 f6 14. Nh4 f5 15.
Qe1 Nxd4 16. Kh1 Nc6 17. Nf3 Qc7 18. Rc1 a6 19. Qg3 Rac8 20. Ne2 Qd8 21. Rc2
Na7 22. Rxc8 Nxc8 23. Rc1 b5 24. Ned4 Qb6 25. Ng5 h6 26. Ngxe6 Bxe6 27. Rc6 f4
28. Qg6 Bf5 29. Bxf5 Rxf5 30. Nxf5 1-0

[Event "DEM U18w 2003"]
[Site "Willingen GER"]
[Date "2003.06.08"]
[Round "1"]
[White "Rath, Alina"]
[Black "Zhang, Fan"]
[Result "1-0"]
[Termination "normal"]
[Board "10"]
[WhiteElo "1579"]
[BlackElo "1896"]
[PlyCount "119"]
[WhiteFideId "24607886"]
[BlackFideId "24609730"]
[EventCountry "GER"]
[EventRounds "9"]
[EventType "swiss"]
[EventDate "2003.06.07"]

1. c4 Nf6 2. Nc3 e6 3. d4 Bb4 4. Bd2 d5 5. e3 c6 6. Nf3 O-O 7. Bd3 Nbd7 8. O-O
Re8 9. a3 Bd6 10. e4 dxc4 11. Bxc4 e5 12. Bg5 exd4 13. Qxd4 Ne5 14. Nxe5 Bxe5
15. Qxd8 Rxd8 16. Rac1 h6 17. Bxf6 Bxf6 18. Rc2 Be6 19. Bxe6 fxe6 20. Ne2 Kf7
21. f4 Rd3 22. Kf2 Rad8 23. Rfc1 Rb3 24. Rb1 Rdd3 25. e5 Bd8 26. Nc1 Bb6+ 27.
Kf1 Rd1+ 28. Ke2 Rg1 29. Nxb3 Rxb1 30. Nd2 Rg1 31. Kf3 Re1 32. Nc4 Bg1 33. g3
Bd4 34. Nd6+ Kg6 35. Nxb7 Re3+ 36. Kg2 Rb3 37. Na5 Rxb2 38. Rxb2 Bxb2 39. Nxc6
Bxa3 40. Nxa7 Kf5 41. Kf3 h5 42. Nc6 Bc5 43. h3 g5 44. g4+ Kg6 45. Nd8 gxf4 46.
Kxf4 Bd4 47. Nxe6 Bc3 48. Nf8+ Kf7 49. Nd7 Ke7 50. Nc5 hxg4 51. hxg4 Bb4 52.
Ne4 Kf7 53. Kf5 Ba3 54. g5 Be7 55. Nf6 Bf8 56. e6+ Kg7 57. Nd5 Bc5 58. e7 Bxe7
59. Nxe7 Kh8 60. Kf6 1-0

[Event "DEM U18w 2003"]
[Site "Willingen GER"]
[Date "2003.06.08"]
[Round "1"]
[White "Hofmann, Annett"]
[Black "Buncke, Johanna"]
[Result "1-0"]
[Termination "normal"]
[Board "11"]
[WhiteElo "1844"]
[BlackElo "1535"]
[PlyCount "69"]
[WhiteFideId "24603759"]
[EventCountry "GER"]
[EventRounds "9"]
[EventType "swiss"]
[EventDate "2003.06.07"]

1. e4 e5 2. Nc3 Nf6 3. g3 Bc5 4. Bg2 d6 5. Nge2 Nc6 6. O-O O-O 7. h3 Ne7 8. d3
d5 9. Bg5 d4 10. Nb1 Nd7 11. Bxe7 Bxe7 12. f4 c5 13. Nd2 b5 14. Nf3 Qc7 15. f5
Nb6 16. g4 Qd8 17. Nxe5 Qc7 18. Nf3 Bb7 19. g5 Nd7 20. Qe1 Ne5 21. Qh4 Nxf3+
22. Rxf3 Qe5 23. f6 Bd6 24. Nf4 Rfd8 25. fxg7 Qxg7 26. Nh5 Qe5 27. Nf6+ Kf8 28.
Rf5 Qh2+ 29. Kf2 Bc8 30. Nxh7+ Ke8 31. Nf6+ Ke7 32. Nd5+ Ke8 33. Qh8+ Bf8 34.
Re5+ Kd7 35. Qf6 1-0

[Event "DEM U18w 2003"]
[Site "Willingen GER"]
[Date "2003.06.08"]
[Round "1"]
[White "Wald, Elena"]
[Black "Vaideslaver, Olga"]
[Result "0-1"]
[Termination "normal"]
[Board "12"]
[WhiteElo "1507"]
[BlackElo "1787"]
[PlyCount "120"]
[EventCountry "GER"]
[EventRounds "9"]
[EventType "swiss"]
[EventDate "2003.06.07"]

1. b3 Nf6 2. Bb2 g6 3. e3 Bg7 4. d4 O-O 5. Nf3 c5 6. Nbd2 cxd4 7. Nxd4 Nc6 8.
Bd3 Nxd4 9. Bxd4 d6 10. O-O e5 11. Bb2 Bg4 12. Qe1 Rc8 13. f3 Be6 14. e4 Bh6
15. Kh1 Nh5 16. c4 Nf4 17. Be2 Qg5 18. Rf2 Nxg2 19. Rxg2 Qxd2 20. Qxd2 Bxd2 21.
Rd1 Bf4 22. Rxd6 Rfd8 23. Rd1 Rxd1+ 24. Bxd1 Rd8 25. Bc2 Bh3 26. Re2 f6 27. Bc3
Rd7 28. Be1 Bf1 29. Rf2 Bh3 30. Re2 h5 31. Bg3 Bd2 32. Kg1 g5 33. Bf2 b6 34.
Bg3 g4 35. Kf2 gxf3 36. Kxf3 Bg4+ 37. Kf2 Bxe2 38. Kxe2 Bb4 39. Bd3 Kf7 40. h4
Ke7 41. Bf2 Kd8 42. Be3 Ba3 43. Kd2 f5 44. Bg5+ Be7 45. Bxe7+ Kxe7 46. Ke2 f4
47. a3 a5 48. b4 axb4 49. axb4 Kd6 50. Kf2 Kc7 51. Ke2 Rg7 52. Kf2 Rg4 53. Be2
Rg3 54. Bxh5 Rh3 55. Bg4 Rxh4 56. Kf3 Rh1 57. Be6 Rb1 58. b5 Kd6 59. Bg8 Kc5
60. Kg4 Rg1+ 0-1

[Event "DEM U18w 2003"]
[Site "Willingen GER"]
[Date "2003.06.08"]
[Round "1"]
[White "Janotta, Steffi"]
[Black "Kopietz, Simone"]
[Result "1-0"]
[Termination "normal"]
[Board "13"]
[WhiteElo "1768"]
[BlackElo "1477"]
[PlyCount "75"]
[WhiteFideId "4696344"]
[EventCountry "GER"]
[EventRounds "9"]
[EventType "swiss"]
[EventDate "2003.06.07"]

1. e4 e5 2. Nf3 Nc6 3. Bb5 a6 4. Ba4 Nf6 5. O-O Be7 6. Re1 b5 7. Bb3 O-O 8. a4
Bb7 9. c3 d6 10. d4 h6 11. Nbd2 Re8 12. Nf1 Bf8 13. Ng3 b4 14. d5 Na5 15. cxb4
Nxb3 16. Qxb3 c6 17. dxc6 Bxc6 18. Bd2 d5 19. Bc3 d4 20. Rad1 Qb6 21. Nxe5 Rxe5
22. Bxd4 Qxb4 23. Qxb4 Bxb4 24. Bxe5 Bxe1 25. Rxe1 Nd7 26. Bc3 Bxa4 27. e5 Re8
28. Nf5 Nc5 29. Ra1 Bb5 30. f4 Nd3 31. Nd6 Rb8 32. g3 Kf8 33. Bd4 Rd8 34. Rd1
Rd7 35. Nxb5 Nxb2 36. Bc5+ Ke8 37. Nd6+ Rxd6 38. Rxd6 1-0

[Event "DEM U18w 2003"]
[Site "Willingen GER"]
[Date "2003.06.08"]
[Round "1"]
[White "Lobe, Sandra"]
[Black "Stejskal, Janina Maria"]
[Result "1/2-1/2"]
[Termination "normal"]
[Board "14"]
[WhiteElo "1473"]
[BlackElo "1744"]
[PlyCount "49"]
[BlackFideId "24601942"]
[EventCountry "GER"]
[EventRounds "9"]
[EventType "swiss"]
[EventDate "2003.06.07"]

1. e4 e5 2. Nf3 Nc6 3. Bb5 a6 4. Ba4 Nf6 5. O-O Bc5 6. d3 b5 7. Bb3 d6 8. Be3
Bxe3 9. fxe3 O-O 10. h3 Bb7 11. a3 Ne7 12. Nc3 c5 13. Ne2 c4 14. Ba2 Qb6 15.
Ng3 Qxe3+ 16. Kh1 d5 17. exd5 Bxd5 18. Re1 Qf4 19. dxc4 bxc4 20. Nf1 Ne4 21.
Kg1 Rad8 22. Qe2 Ng5 23. Nxe5 Nf5 24. Qg4 Qxg4 25. hxg4 1/2-1/2

[Event "DEM U18w 2003"]
[Site "Willingen GER"]
[Date "2003.06.08"]
[Round "2"]
[White "Hofmann, Annett"]
[Black "Morgenstern, Petra"]
[Result "1/2-1/2"]
[Termination "normal"]
[Board "1"]
[WhiteElo "1844"]
[BlackElo "2119"]
[PlyCount "35"]
[WhiteFideId "24603759"]
[BlackFideId "4690710"]
[EventCountry "GER"]
[EventRounds "9"]
[EventType "swiss"]
[EventDate "2003.06.07"]

1. e4 c5 2. Nf3 e6 3. d4 cxd4 4. Nxd4 Nc6 5. Nc3 a6 6. Be3 Qc7 7. Qd2 Nf6 8.
Be2 Bb4 9. f3 d5 10. Nxc6 Qxc6 11. exd5 Nxd5 12. Bd4 O-O 13. O-O Nxc3 14. bxc3
Bd6 15. Bxg7 Kxg7 16. Qg5+ Kh8 17. Qf6+ Kg8 18. Qg5+ 1/2-1/2

[Event "DEM U18w 2003"]
[Site "Willingen GER"]
[Date "2003.06.08"]
[Round "2"]
[White "Vaideslaver, Olga"]
[Black "Czäczine, Anne"]
[Result "1/2-1/2"]
[Termination "normal"]
[Board "2"]
[WhiteElo "1787"]
[BlackElo "2072"]
[PlyCount "100"]
[BlackFideId "4679326"]
[EventCountry "GER"]
[EventRounds "9"]
[EventType "swiss"]
[EventDate "2003.06.07"]

1. g3 g6 2. Bg2 Bg7 3. e4 d6 4. Nf3 c5 5. O-O Nc6 6. d3 e6 7. Nc3 Nge7 8. Re1
O-O 9. h3 Rb8 10. a4 b6 11. Bf4 e5 12. Be3 Be6 13. Qd2 d5 14. Bh6 f6 15. Bxg7
Kxg7 16. Rad1 Qd7 17. h4 Nd4 18. Nxd4 cxd4 19. Nxd5 Nxd5 20. exd5 Bxd5 21. Bxd5
Qxd5 22. b3 Rbc8 23. Rc1 h6 24. Qe2 g5 25. h5 Rf7 26. g4 Rfc7 27. f3 Rc3 28.
Rf1 Qc6 29. b4 Qd5 30. b5 R8c5 31. Rf2 a6 32. bxa6 Ra5 33. a7 Rxa4 34. Rb1 b5
35. Qe4 Qxe4 36. fxe4 Rc5 37. Rbf1 Rc6 38. Rb1 Rb6 39. c4 dxc3 40. Rc2 Rxa7 41.
Rxc3 b4 42. Rcb3 Rab7 43. Kf2 Kf7 44. Rc1 Rb8 45. Rc4 R6b7 46. Ke3 Ke7 47. Rc2
Kd6 48. Kd2 Rb6 49. Ke3 R8b7 50. Kd2 Rb8 1/2-1/2

[Event "DEM U18w 2003"]
[Site "Willingen GER"]
[Date "2003.06.08"]
[Round "2"]
[White "Janotta, Steffi"]
[Black "Schöne, Maria"]
[Result "0-1"]
[Termination "normal"]
[Board "3"]
[WhiteElo "1768"]
[BlackElo "2029"]
[PlyCount "46"]
[WhiteFideId "4696344"]
[BlackFideId "4681410"]
[EventCountry "GER"]
[EventRounds "9"]
[EventType "swiss"]
[EventDate "2003.06.07"]

1. e4 c5 2. Nf3 d6 3. d4 cxd4 4. Nxd4 Nf6 5. Nc3 g6 6. Be3 Bg7 7. f3 Nc6 8. Qd2
O-O 9. O-O-O Nxd4 10. Bxd4 Be6 11. Kb1 Qc7 12. h4 Rfc8 13. g4 Qa5 14. Qg5 b5
15. a3 Rab8 16. h5 h6 17. Qd2 b4 18. Na2 Qa4 19. hxg6 bxa3 20. gxf7+ Bxf7 21.
c4 axb2 22. Rh2 Rxc4 23. Bxf6 Rc1+ 0-1

[Event "DEM U18w 2003"]
[Site "Willingen GER"]
[Date "2003.06.08"]
[Round "2"]
[White "Bloß, Steffi"]
[Black "Häcker, Sonja"]
[Result "0-1"]
[Termination "normal"]
[Board "4"]
[WhiteElo "1710"]
[BlackElo "2002"]
[PlyCount "106"]
[BlackFideId "4680928"]
[EventCountry "GER"]
[EventRounds "9"]
[EventType "swiss"]
[EventDate "2003.06.07"]

1. d4 d5 2. c4 e6 3. Nc3 Nf6 4. Bg5 c6 5. Nf3 Nbd7 6. e3 Qa5 7. Nd2 Bb4 8. Bxf6
Nxf6 9. Qc2 O-O 10. a3 Bd6 11. Bd3 h6 12. e4 e5 13. dxe5 Bxe5 14. Ne2 dxe4 15.
Bxe4 Nxe4 16. Qxe4 Bxb2 17. Ra2 Bf6 18. O-O Bf5 19. Qf3 Rfe8 20. Ng3 Bg6 21.
Nde4 Bd4 22. Nd6 Re6 23. Ndf5 Bf6 24. h4 Kh7 25. h5 Bxf5 26. Nxf5 Rae8 27. Ne3
R8e7 28. g3 Bg5 29. Nc2 Rf6 30. Qd3+ Qf5 31. Nb4 Qxd3 32. Nxd3 Rd6 33. Nb4 a5
34. Nc2 Rd2 35. f4 Bf6 36. Rf2 Rd3 37. Kg2 Rc3 38. Kg1 Rxc4 39. Kg2 b5 40. Rd2
b4 41. axb4 axb4 42. Ra4 c5 43. Kf2 Rc3 44. Ra8 b3 45. Na1 Bd4+ 46. Kg2 Ree3
47. Ra7 Rc1 48. Nxb3 Rxb3 49. Rxf7 Rg1+ 50. Kh2 Rbxg3 51. Re2 Rg4 52. Kh3 R1g3+
53. Kh2 Bg1+ 0-1

[Event "DEM U18w 2003"]
[Site "Willingen GER"]
[Date "2003.06.08"]
[Round "2"]
[White "Horstmann, Astrid"]
[Black "Zabarska, Natalia"]
[Result "0-1"]
[Termination "normal"]
[Board "5"]
[WhiteElo "1993"]
[BlackElo "1663"]
[PlyCount "56"]
[WhiteFideId "4698584"]
[BlackFideId "24608009"]
[EventCountry "GER"]
[EventRounds "9"]
[EventType "swiss"]
[EventDate "2003.06.07"]

1. c4 Nf6 2. Nc3 g6 3. g3 Bg7 4. Bg2 O-O 5. d3 Nc6 6. e3 d6 7. Nge2 e5 8. O-O
Nh5 9. Rb1 f5 10. Nd5 Ne7 11. b4 g5 12. f4 g4 13. a4 Nf6 14. Nxf6+ Bxf6 15. b5
h5 16. Ba3 Ng6 17. c5 h4 18. cxd6 cxd6 19. fxe5 Bxe5 20. d4 Bf6 21. e4 Bg5 22.
Qb3+ Kg7 23. exf5 Bxf5 24. Bxb7 Bxb1 25. Qxb1 Rb8 26. Be4 Qe7 27. d5 Be3+ 28.
Kg2 h3+ 0-1

[Event "DEM U18w 2003"]
[Site "Willingen GER"]
[Date "2003.06.08"]
[Round "2"]
[White "Rath, Alina"]
[Black "Blodig, Carolin"]
[Result "1/2-1/2"]
[Termination "normal"]
[Board "6"]
[WhiteElo "1579"]
[BlackElo "1946"]
[PlyCount "84"]
[WhiteFideId "24607886"]
[BlackFideId "4692012"]
[EventCountry "GER"]
[EventRounds "9"]
[EventType "swiss"]
[EventDate "2003.06.07"]

1. c4 f5 2. d4 Nf6 3. Nc3 g6 4. g3 Bg7 5. Bg2 O-O 6. Nf3 d6 7. O-O Qe8 8. Bf4
a5 9. Qc1 e6 10. Bh6 e5 11. Bxg7 Kxg7 12. dxe5 dxe5 13. Qc2 Nc6 14. e4 Be6 15.
b3 Rd8 16. Rad1 Qf7 17. Ng5 Qe7 18. Nd5 Bxd5 19. cxd5 Nd4 20. Rxd4 exd4 21.
Ne6+ Kg8 22. Nxf8 d3 23. Qxd3 fxe4 24. Nxg6 hxg6 25. Qe3 Rxd5 26. Re1 Re5 27.
f3 Qb4 28. fxe4 Ng4 29. Qe2 Qd4+ 30. Kh1 Nf2+ 31. Kg1 Ng4+ 32. Kh1 Nf6 33. Qd1
Qb6 34. Rf1 Kg7 35. Qa1 Qe6 36. Qc3 Qe7 37. Rc1 c6 38. Rf1 Kh7 39. Qf3 Kg7 40.
Qc3 Kh7 41. Qf3 Kg7 42. Qc3 Kh7 1/2-1/2

[Event "DEM U18w 2003"]
[Site "Willingen GER"]
[Date "2003.06.08"]
[Round "2"]
[White "Seeger, Franziska"]
[Black "Lobe, Sandra"]
[Result "0-1"]
[Termination "normal"]
[Board "7"]
[WhiteElo "2117"]
[BlackElo "1473"]
[PlyCount "74"]
[WhiteFideId "4690982"]
[EventCountry "GER"]
[EventRounds "9"]
[EventType "swiss"]
[EventDate "2003.06.07"]

1. e4 g6 2. d4 Bg7 3. Nc3 d6 4. Be3 e6 5. Qd2 a6 6. f4 Ne7 7. Be2 O-O 8. Nf3 b5
9. a3 Bb7 10. O-O Nd7 11. Rae1 Rc8 12. Kh1 c5 13. dxc5 Bxc3 14. bxc3 Nxc5 15.
e5 Ne4 16. Qd4 Nf5 17. Qa7 Nxe3 18. Qxe3 Rxc3 19. Qc1 d5 20. Bd3 Nc5 21. Rd1
Qa5 22. Qe3 Nxd3 23. cxd3 Qxa3 24. Qa7 Qe7 25. Rf2 Qc5 26. Qxc5 Rxc5 27. d4 Rc4
28. h3 Rfc8 29. Rdd2 a5 30. Ra2 a4 31. Rfb2 Ba6 32. Kg1 Rc3 33. Kh2 R8c5 34.
Kg1 a3 35. Rb1 Rc1+ 36. Rxc1 Rxc1+ 37. Kf2 b4 0-1

[Event "DEM U18w 2003"]
[Site "Willingen GER"]
[Date "2003.06.08"]
[Round "2"]
[White "Stejskal, Janina Maria"]
[Black "Mass, Elvira"]
[Result "1/2-1/2"]
[Termination "normal"]
[Board "8"]
[WhiteElo "1744"]
[BlackElo "1733"]
[PlyCount "88"]
[WhiteFideId "24601942"]
[BlackFideId "4695623"]
[EventCountry "GER"]
[EventRounds "9"]
[EventType "swiss"]
[EventDate "2003.06.07"]

1. Nf3 d5 2. c4 e6 3. b3 Nf6 4. Bb2 Be7 5. g3 c5 6. Bg2 O-O 7. O-O Nbd7 8. e3
b6 9. d4 Bb7 10. Nbd2 Rc8 11. Rc1 Rc7 12. Re1 Qb8 13. dxc5 bxc5 14. Ne5 Rcc8
15. Ndf3 Rfd8 16. Qc2 h6 17. Rcd1 Qa8 18. Nxd7 Nxd7 19. Ne5 Nb6 20. Qe2 dxc4
21. Bxb7 Qxb7 22. Nxc4 Qe4 23. f3 Qb7 24. e4 Qa6 25. Nxb6 Qxe2 26. Rxd8+ Rxd8
27. Rxe2 axb6 28. e5 Kf8 29. Kf2 Rd5 30. f4 Ke8 31. Ke3 Kd7 32. Ke4 g6 33. g4
Rd1 34. f5 exf5+ 35. gxf5 gxf5+ 36. Kxf5 Rf1+ 37. Kg4 Ke6 38. Rd2 Rg1+ 39. Kf3
Rg6 40. Ke4 Rg4+ 41. Kf3 Rg8 42. Ke4 Ra8 43. Bc1 h5 44. Rg2 Rd8 1/2-1/2